Ullman's encyclopaedia of industrial chemistry. V A3 (Record no. 39061)

MARC details
000 -LEADER
fixed length control field 00285nam a2200109Ia 4500
082 ## - DEWEY DECIMAL CLASSIFICATION NUMBER
Classification number 66(031)
Item number ULL.A3
245 #0 - TITLE STATEMENT
Title Ullman's encyclopaedia of industrial chemistry. V A3
250 ## - EDITION STATEMENT
Edition statement Ed.5
260 ## - PUBLICATION, DISTRIBUTION, ETC. (IMPRINT)
Place of publication Weinheim
Name of publisher VCH
Year of publication 1985
942 ## - ADDED ENTRY ELEMENTS (KOHA)
Koha item type Books
Holdings
Withdrawn status Lost status Damaged status Not for loan Home library Current library Date acquired Full call number Accession Number Koha item type
        RRII Library RRII Library 16/12/2021 66(031) ULL.A3 19407 Books